Strange Tales from a Chinese Studio : (Record no. 602405)

MARC details
000 -LEADER
fixed length control field 00501nam a2200193 a 4500
008 - FIXED-LENGTH DATA ELEMENTS--GENERAL INFORMATION
fixed length control field 251211s2006##################000#0#eng##
020 ## - INTERNATIONAL STANDARD BOOK NUMBER
ISBN 9780140447408
082 04 - DEWEY DECIMAL CLASSIFICATION NUMBER
Classification number 895.1348PU
100 1# - MAIN ENTRY--AUTHOR NAME
Personal name Songling, Pu,
245 10 - TITLE STATEMENT
Title Strange Tales from a Chinese Studio :
260 ## - PUBLICATION, DISTRIBUTION, ETC. (IMPRINT)
Name of publisher Penguin Classics,
Year of publication 2006.
300 ## - PHYSICAL DESCRIPTION
Number of Pages 680 pages
650 #0 - SUBJECT ADDED ENTRY--TOPICAL TERM
Topical Term Fiction.
942 ## - ADDED ENTRY ELEMENTS (KOHA)
Koha item type English Books
Holdings
Withdrawn status Lost status Damaged status Not for loan Home library Current library Date acquired Full call number Accession Number Price effective from Koha item type
        Anna Centenary Library Anna Centenary Library 13.12.2025 895.1348PU 415896 13.12.2025 English Books

Find us on the map